Đến với thơ Phan Bội Châu

.

Αποθηκεύτηκε σε:
Λεπτομέρειες βιβλιογραφικής εγγραφής
Άλλοι συγγραφείς: Ngô Viết Dinh (tuyển chọn và biên tập)
Μορφή: Βιβλίο
Γλώσσα:Vietnamese
Έκδοση: H. Nxb. Thanh Niên 2002
Θέματα:
Ετικέτες: Προσθήκη ετικέτας
Δεν υπάρχουν, Καταχωρήστε ετικέτα πρώτοι!
Thư viện lưu trữ: Mạng thư viện Đại học Đà Nẵng
LEADER 01012nam a2200313 4500
001 000004432
003 571
005 20121211001230.0
008 110720s2002 viesd
020 |c 90000 
041 0 |a vie 
082 |a 895.9221  |b PH-C 
245 0 |a Đến với thơ Phan Bội Châu  |c Ngô Viết Dinh (t.chọn và b.soạn) 
260 |a H.  |b Nxb. Thanh Niên  |c 2002 
300 |a 969tr  |c 19cm 
520 |a . 
653 |a Phan Bội Châu 
700 |a Ngô Viết Dinh  |e tuyển chọn và biên tập 
910 |d 20/07/2011 
OWN |a LSP 
AVA |a UDN50  |b LSP  |d 895.9221 PH-C  |e available  |t Error 5001 Not defined in file expand_doc_bib_avail.  |f 10  |g 0  |h N  |i 0  |k 1 
999 |a From the UDN01 
AVA |a UDN50  |b LSP  |d 895.9221 PH-C  |e available  |t Error 5001 Not defined in file expand_doc_bib_avail.  |f 10  |g 0  |h N  |i 0  |k 1 
TYP |a Monograph 
TYP |a Printed language 
980 |a Mạng thư viện Đại học Đà Nẵng